| 000 | 00455nam a2200157Ia 4500 | ||
|---|---|---|---|
| 008 | 190813s9999 xx 000 0 und d | ||
| 100 | _aOsterer, Irv | ||
| 245 | _aIllustrating social media/ | ||
| 245 | _cIrv Osterer | ||
| 260 | _bPublisher's Development Corporation | ||
| 260 | _c2018 | ||
| 300 | _aPage 23, September 2018 | ||
| 440 |
_aArts and Activities: Make a Fresh Start with Arts _v164: 1 |
||
| 650 | _aArts | ||
| 650 | _aArts -- Social Media | ||
| 999 |
_c362023 _d362023 |
||